Quiz sulla Micronesia - Statistics

Statistiche generali
  • Questo quiz è stato fatto 376 volte
  • Il punteggio medio è 9 su 14
Statistiche sulle risposte
Hint Risposta % Corretto
La Micronesia ne ha 607 Isole
93%
Lingua ufficiale Inglese
92%
Nome completo del paese Stati {Federati} di Micronesia
89%
Paese che ha amministrato la Micronesia dal 1947 al 1986 Stati Uniti
88%
Paese che ha colonizzato a Micronesia dal 1574 al 1899 Spagna
83%
Paese che ha invaso e catturato le isole nel 1914 Giappone
82%
Paese che ha acquistato la Micronesia nel 1899 Germania
75%
Capitale Palikir
73%
Altro Stato con cui condivide questo arcipelago Palau
62%
Arcipelago molto esteso che appartiene alla Micronesia e che prende il nome da Carlo II di Spagna Isole {Caroline}
38%
Lingua indigena più parlata {Chuuk}ese
29%
Isola più grande Pohnpei
26%
Sull'isola di Yap, puoi vedere molti dischi di pietra a forma di ciambella, alcuni come grande come 3,6 metri di diametro. Come venivano usate queste pietre? Monete
25%
Località più popolosa Weno
22%
Nessun quiz corrispondente trovato
Distribuzione punteggi
Percentuale di utenti per punteggio
Percentile per numero di risposta
I tuoi punteggi nel tempo
Non hai fatto questo quiz